DESARROLLO HUMANO. (Registro nro. 61553)
[ vista simple ]
| 000 -LEADER | |
|---|---|
| fixed length control field | 00591nam a2200205 u 4500 |
| 001 - CONTROL NUMBER | |
| control field | 61553 |
| 005 - DATE AND TIME OF LATEST TRANSACTION | |
| control field | 20180714063232.0 |
| 008 - FIXED-LENGTH DATA ELEMENTS--GENERAL INFORMATION | |
| fixed length control field | 141011s2009 xx r 000 0 spa d |
| 020 ## - INTERNATIONAL STANDARD BOOK NUMBER | |
| International Standard Book Number | 978-968-24-8429-2 |
| 082 0# - DEWEY DECIMAL CLASSIFICATION NUMBER | |
| Classification number | 128 |
| Item number | VAR |
| 100 1# - MAIN ENTRY--PERSONAL NAME | |
| Personal name | Vargas Téllez Juan Alberto |
| Numeration | VAR |
| 245 10 - TITLE STATEMENT | |
| Title | DESARROLLO HUMANO. |
| 250 ## - EDITION STATEMENT | |
| Edition statement | 1a. edición |
| 264 ## - PRODUCTION, PUBLICATION, DISTRIBUTION, MANUFACTURE, AND COPYRIGHT NOTICE | |
| Place of production, publication, distribution, manufacture | México : |
| Name of producer, publisher, distributor, manufacturer | Trillas ; |
| Date of production, publication, distribution, manufacture, or copyright notice | 2011 |
| 300 ## - PHYSICAL DESCRIPTION | |
| Extent | 95 paginas ; |
| Dimensions | 22 paginas ;. |
| 336 ## - CONTENT TYPE | |
| Content type term | texto |
| Source | rdacontent |
| 337 ## - MEDIA TYPE | |
| Media type term | sin mediación |
| Source | rdamedia |
| 338 ## - CARRIER TYPE | |
| Carrier type term | volumen |
| Source | rdacarrier |
| 650 1# - SUBJECT ADDED ENTRY--TOPICAL TERM | |
| Topical term or geographic name entry element | 1. Antropología filosofíca |
| Withdrawn status | Lost status | Source of classification or shelving scheme | Damaged status | Not for loan | Collection code | Home library | Current library | Shelving location | Date acquired | Source of acquisition | Total Checkouts | Full call number | Barcode | Date last seen | Price effective from | Koha item type |
|---|---|---|---|---|---|---|---|---|---|---|---|---|---|---|---|---|
| Dewey Decimal Classification | General | Tehuacán | Tehuacán | Sala general | 11/10/2014 | Compra | VAR | 509514 | 08/01/2025 | 11/10/2014 | Libro |